| 000 | 00643nam a2200241Ia 4500 | ||
|---|---|---|---|
| 005 | 20250508164451.0 | ||
| 008 | 008 250505s9999 xx 000 0 eng d | ||
| 020 | _a81-203-1014-4 | ||
| 037 | _aTextBook | ||
| 040 |
_aFEDL _beng _cFEDL |
||
| 041 |
_aeng _2eng |
||
| 084 |
_a155.4, BER _qFEDL |
||
| 100 |
_aBerk Laura E _9243561 |
||
| 245 | 0 | _aChild development | |
| 250 | _a3rd | ||
| 260 |
_aNew Delhi, India _bPrentice Hall of India Private Limited _c1996 |
||
| 300 | _axxiii,531p. | ||
| 365 |
_aINR _b395 |
||
| 546 | _aMacese | ||
| 650 | _aChild development | ||
| 942 |
_cTB _h155.4, BER |
||
| 999 |
_c1389276 _d1389276 |
||